<?xml version="1.0" encoding="UTF-8"?>
<record
    xmlns:xsi="http://www.w3.org/2001/XMLSchema-instance"
    xsi:schemaLocation="http://www.loc.gov/MARC21/slim http://www.loc.gov/standards/marcxml/schema/MARC21slim.xsd"
    xmlns="http://www.loc.gov/MARC21/slim">

  <leader>01236cam a22002291  4500</leader>
  <controlfield tag="001">e  17000304 </controlfield>
  <controlfield tag="003">DLC</controlfield>
  <controlfield tag="005">20260227111207.0</controlfield>
  <controlfield tag="008">790213s1917    xx            000 0 eng c</controlfield>
  <datafield tag="010" ind1=" " ind2=" ">
    <subfield code="a">e  17000304 </subfield>
  </datafield>
  <datafield tag="035" ind1=" " ind2=" ">
    <subfield code="a">(OCoLC)4650517</subfield>
  </datafield>
  <datafield tag="040" ind1=" " ind2=" ">
    <subfield code="a">Library, U.S. Bur. of Education</subfield>
    <subfield code="c">OCl</subfield>
    <subfield code="d">DLC</subfield>
  </datafield>
  <datafield tag="050" ind1="0" ind2="0">
    <subfield code="a">HV3006.C2</subfield>
    <subfield code="b">A45</subfield>
  </datafield>
  <datafield tag="110" ind1="1" ind2=" ">
    <subfield code="a">California.</subfield>
    <subfield code="b">Legislature.</subfield>
    <subfield code="b">Committee on mental deficiency and the proposed institution for the care of feeble-minded and epileptic persons.</subfield>
  </datafield>
  <datafield tag="245" ind1="0" ind2="0">
    <subfield code="a">Report of 1915 Legislature committee on mental deficiency and the proposed institution for the care of feeble-minded and epileptic persons,</subfield>
    <subfield code="b">pursuant to the provisions of chapter 729, statutes of 1915,</subfield>
    <subfield code="c">by the committee: Fred. C. Nelles, chairman. Transmitted to the Legislature, January 1917.</subfield>
  </datafield>
  <datafield tag="260" ind1=" " ind2=" ">
    <subfield code="a">[Whittier, Cal.,</subfield>
    <subfield code="b">Whittier state school, Dept. of printing instruction,</subfield>
    <subfield code="c">1917]</subfield>
  </datafield>
  <datafield tag="300" ind1=" " ind2=" ">
    <subfield code="a">68, 16 p., 1 l., vi p.</subfield>
    <subfield code="b">diagrs.</subfield>
    <subfield code="c">23 cm.</subfield>
  </datafield>
  <datafield tag="500" ind1=" " ind2=" ">
    <subfield code="a">"Note" inserted after p. vi.</subfield>
  </datafield>
  <datafield tag="500" ind1=" " ind2=" ">
    <subfield code="a">Committee composed of superintendent and trustees of Whittier state school and two persons designated by the Psychopathic association of California.</subfield>
  </datafield>
  <datafield tag="650" ind1=" " ind2="0">
    <subfield code="a">People with mental disabilities.</subfield>
  </datafield>
  <datafield tag="700" ind1="1" ind2=" ">
    <subfield code="a">Nelles, Fred. C.</subfield>
  </datafield>
  <datafield tag="999" ind1=" " ind2=" ">
    <subfield code="c">20084</subfield>
    <subfield code="d">20084</subfield>
  </datafield>
</record>
